All Gunna Songs - Statistics

General Stats
  • This quiz has been taken 443 times
    258 since last reset
  • The average score is 42 of 192
Answer Stats
Album Song % Correct
One of Wun one of wun
82%
a Gift & a Curse fukumean
70%
Drip Season 2 A$$
69%
Drip or Drown Drip or Drown
67%
WUNNA Wunna
61%
Drip Harder Drip Too Hard
57%
One of Wun on one tonight
57%
DS4EVER P power
57%
One of Wun hakuna matata
56%
DS4EVER pushin P
56%
Drip Season 2 Top
54%
One of Wun $$$
49%
WUNNA Argentina
46%
WUNNA Dollaz on My Head
46%
WUNNA Met Gala
45%
Drip or Drown 2 Who You Foolin
45%
WUNNA 200 for Lunch
43%
One of Wun prada dem
43%
Slime Language 2 Ski
43%
Drip Season 3 Top Off
43%
a Gift & a Curse back to the moon
41%
One of Wun neck on a yacht
41%
One of Wun collage
39%
a Gift & a Curse rodeo dr
39%
DS4EVER 25k jacket
38%
WUNNA Nasty Girl/On Camera
38%
Drip Season 3 Oh Okay
38%
WUNNA Skybox
36%
DS4EVER south to west
36%
DS4EVER too easy
36%
WUNNA Top Floor
35%
Drip or Drown 2 Baby Birkin
34%
One of Wun back in the a
34%
DS4EVER mop
34%
One of Wun whatsapp (wassam)
34%
a Gift & a Curse bread & butter
33%
WUNNA Street Sweeper
33%
Drip Harder Never Recover
32%
Drip Season 3 Spending Addiction
32%
Drip or Drown 2 3 Headed Snake
31%
DS4EVER how you did that
31%
New Single Banking on Me
30%
WUNNA Blindfold
30%
Drip Season 3 Helluva Price
30%
Single #6 Sold Out Dates
30%
DS4EVER thought i was playing
30%
a Gift & a Curse back at it
29%
a Gift & a Curse ca$h $hit
29%
DS4EVER poochie gown
29%
One of Wun treesh
29%
WUNNA Cooler Than a B***h
28%
WUNNA Gimmick
28%
a Gift & a Curse go crazy
28%
DS4EVER private island
28%
Drip Season | Slime Language 2 Solid
28%
DS4EVER alotta cake
27%
One of Wun the time
27%
One of Wun today i did good
27%
WUNNA Do Better
26%
WUNNA MOTW
26%
WUNNA Rockstar Bikers & Chains
26%
WUNNA Sun Came Out
26%
Drip or Drown 2 Yao Ming
26%
One of Wun blackjack
25%
Drip or Drown 2 Cash War
25%
WUNNA Far
25%
Drip or Drown 2 One Call
25%
Drip or Drown 2 Richard Millie Plain
25%
a Gift & a Curse bottom
24%
WUNNA Dirty Diana
24%
DS4EVER idk that b***h
24%
Drip Season 3 Pedestrian
24%
One of Wun still prevail
24%
a Gift & a Curse alright
23%
Drip Harder Belly
23%
WUNNA One Watch
23%
WUNNA Relentless
23%
DS4EVER flooded
22%
One of Wun let it breathe
22%
DS4EVER livin wild
22%
Drip Harder Off White VLONE
22%
a Gift & a Curse p angels
22%
Drip or Drown 2 Same Yung N***a
22%
One of Wun trio
22%
Drip or Drown 2 Wit It
22%
DS4EVER you & me
22%
WUNNA Addys
21%
Drip Season 3 King Kong
21%
Drip or Drown 2 Outstanding
21%
a Gift & a Curse paybach
21%
One of Wun time reveals, be careful what you wish for
21%
Drip Season 3 At the Hotel
20%
One of Wun clear my rain
20%
Drip or Drown 2 Derek Fisher
20%
WUNNA Feigning
20%
Drip Harder I Am
20%
WUNNA Nothing 4 Free
20%
DS4EVER so far ahead > empire
20%
Drip or Drown 2 Speed It Up
20%
Drip Harder Business Is Business
19%
Drip Season 3 Car Sick
19%
Slime Language 2 Diamonds Dancing
19%
a Gift & a Curse idk nomore
19%
DS4EVER life of sin
19%
a Gift & a Curse turned your back
19%
Newer Single Bittersweet
18%
One of Wun conscience
18%
Drip Season 3 Drippin
18%
WUNNA I'm on Some
18%
DS4EVER missing me
18%
Drip Season 2 YSL
18%
a Gift & a Curse born rich
17%
DS4EVER die alone
17%
WUNNA Don't Play Around
17%
Drip Season 3 Almighty
16%
Drip or Drown 2 Big Shot
16%
Hard Body Hardbody
16%
Drip or Drown 2 Idk Why
16%
a Gift & a Curse i was just thinking
16%
Single #11 Lemonade
16%
One of Wun life's changing
16%
Drip or Drown 2 On a Mountain
16%
Drip or Drown 2 Out the Hood
16%
Drip or Drown Paid
16%
Good Intentions Turks
16%
WUNNA Wunna Flow
16%
Slime Language 2 Slatty
15%
Drip Harder Style Stealer
14%
Drip Season 3 Toast Up
14%
Drip Season 2 Belly of the Beast
13%
Drip Harder My Jeans
13%
Drip Season 3 My Soul
13%
Drip Harder World Is Yours
13%
Drip Season 3 Mistress
12%
Slime Language 2 Paid the Fine
12%
Drip Season 2 Japan
11%
Drip Season 3 Lies About You
11%
Drip Season 3 Money Don't Change You
11%
Drip Season 3 No Joke
11%
Drip Season Outta Sight Outta Mind
11%
Drip Harder Seals Pills
11%
Drip Harder Underdog
11%
Slime Language 2 Came Out
10%
Drip Season 2 Beat the Case
9%
Drip Season 2 Phase
9%
Drip or Drown Don't Give Up
8%
Drip Season 2 Shopping
8%
Drip Season 2 Another Wave
7%
Drip or Drown Award
7%
Drip or Drown Don't Play Wit It
7%
Drip Season 2 Get It If You Want It
7%
Drip Season 2 Highschool
7%
Drip Season 2 Park the Car
7%
Single #10 Quarantine Clean
7%
Drip Season 2 Secure the Vibe
7%
Drip Season Young N***a
7%
Single #12 9 TIMES OUTTA 10
6%
Drip Season Against Me
6%
Drip Season Can't Relate
6%
Drip Season Cop Me a Foreign
6%
Hard Body Faded
6%
Drip Season 2 Make No Sense
6%
Drip Season 2 Mayors
6%
Hard Body Rich N***a
6%
Drip or Drown Dodge the Hate
5%
Drip Season How Can I Switch
5%
Drip or Drown Invest
5%
Single #3 Mind On a Milli
5%
Drip Season 2 Money Talking
5%
Hard Body Rarri
5%
Drip Season Rockstar Status
5%
Drip Season Stay Focused
5%
Hard Body Style Like Me
5%
Single #9 Cash Cow
4%
Hard Body Caught Up
4%
Hard Body Get Money
4%
Drip Season Goin In
4%
Single #7 Need U
4%
Hard Body No More
4%
Single #4 Rich B***h
4%
Hard Body We Live This
4%
Single Back and Forth
3%
Single #8 Don't Get Me Started
3%
Hard Body I'm Not a Criminal
3%
Single #2 Vibes in LA
3%
Single #5 Cast 4 It
2%
Drip Season 3 Drips or Drown (Remix)
2%
Hard Body Harder I Go
2%
Hard Body Can't Feel My Raps
1%
Hard Body Never Gone Change
1%
Hard Body Wats Goin On
1%
No matching quizzes found
Score Distribution
Percent of People with Each Score
Percentile by Number Answered
Your Score History
You have not taken this quiz since the last reset